000
00260nam a22001217a 4500
999
_c
527906
_d
527906
040
_c
DLC
082
_a
891.4393
_b
QUD
100
_a
Qudsia, Bano
_9
8994
245
_a
Shehr-e-Bemisal
260
_a
Lahore
_b
Sang-e-Meel
_c
2007
300
_a
271
942
_2
ddc
_c
BK